| 000 | 01021nam a2200265 a 4500 | ||
|---|---|---|---|
| 001 | BRCA_7486 | ||
| 005 | 20190320205844.0 | ||
| 008 | 250413m19161925sp-####f##---#000-0#cat-# | ||
| 041 | _acat | ||
| 044 | _asp | ||
| 050 | 4 |
_aZ8158 _b.C38 1916 |
|
| 245 | 1 | 0 |
_aCatáleg de la Colecció Cervántica _cformada por Isidro Bonsoms i Sicart ; i cedida per ell a la Biblioteca de Catalunya ; redactat per Joan Givanel i Mas. |
| 260 |
_aBarcelona _bInstitut D´Estudis Catalans _c1916-1925 |
||
| 300 |
_a3 v. _c27 cm. |
||
| 500 | _aver también R20 (versión en español iniciada en 1941) | ||
| 500 | _aR15 | ||
| 505 | 0 | _aContenido: v.1. 1590-1800. -- v.2. 1801-1897. -- v.3. 1880-1915 | |
| 600 | 1 | 4 |
_aCervantes Saavedra, Miguel de _d1547-1616 _vBibliografía _97606 |
| 650 | 1 | 4 |
_aObras literarias _vCatálogos _zEspaña _918432 |
| 700 | 1 |
_aBonsoms i Sicart, Isidro _d1849-1922 _ecomp. _918433 |
|
| 700 | 1 |
_aGivanel i Mas, Joàn _918434 |
|
| 710 | 2 |
_aBiblioteca de Catalunya, Barcelona _918435 |
|
| 902 | _aGFM | ||
| 942 |
_2lcc _cB |
||
| 999 |
_c7161 _d7161 |
||